LEADER 00871nam0-22003371i-450- 001 990000831580403321 005 20001010 010 $a0-521-26698-X 035 $a000083158 035 $aFED01000083158 035 $a(Aleph)000083158FED01 035 $a000083158 100 $a20001010d--------km-y0itay50------ba 101 0 $aita 105 $ay-------001yy 200 1 $aNon-linear vibrations$fG. Schmidt, A. Tondl 210 $aCambridge$cCambridge University Press$d1986 215 $a420 p.$d25 cm 610 0 $aNon 610 0 $aLinear Vibrations 676 $a531.32 700 1$aSchmidt,$bG.$0344275 702 1$aTondl,$bAles 801 0$aIT$bUNINA$gRICA$2UNIMARC 901 $aBK 912 $a990000831580403321 952 $a02 66 C 3$b4716$fFINBN 959 $aFINBN 996 $aNon-linear vibrations$9348268 997 $aUNINA DB $aING01